Players who have won multiple Rugby World Cups - Statistics

General Stats
  • This quiz has been taken 49 times
  • The average score is 13 of 20
Answer Stats
Country Answer % Correct
New Zealand Richie McCaw
98%
New Zealand Ma'a Nonu
93%
New Zealand Conrad Smith
90%
New Zealand Dan Carter
90%
New Zealand Keven Mealamu
79%
New Zealand Kieran Read
79%
New Zealand Sam Whitelock
79%
New Zealand Jerome Kaino
76%
New Zealand Tony Woodcock
74%
Australia John Eales
69%
New Zealand Owen Franks
64%
New Zealand Sonny Bill Williams
64%
New Zealand Ben Franks
62%
South Africa Os Du Randt
50%
Australia Tim Horan
50%
New Zealand Victor Vito
48%
New Zealand Colin Slade
40%
Australia Jason Little
40%
Australia Phil Kearns
29%
Australia Dan Crowley
12%
No matching quizzes found
Score Distribution
Percent of People with Each Score
Percentile by Number Answered
Your Score History
You have not taken this quiz